000 00351nam a2200145 4500
008 180724s2009||||xo d
245 1 0 _aPolhodina denne pre zdravé srdce
250 _a1. vydanie
260 _bVýber
_aBratislava
_c2009
300 _a320 s.
020 _a978-80-8097-020-8
_c0
041 1 _aslo
044 _axo
_cSK
958 _aAPR
999 _c21714
_d21714